000 00856nmm a2200265 a 4500
001 ocm000964996
003 TR-IsHL
005 20201028150838.0
008 150110s2014 tu eng
007 cr cn
020 _a9786056492556
035 _a964996
_b(N$T)
050 0 4 _aPR4762
_b.P7 2014
090 0 4 _aPR4762
_b.P7 2014
100 1 _aHope, Anthony
245 1 0 _aThe prisoner of Zenda
_h[electronic resource] /
_cAnthony Hope
260 _aİstanbul :
_bLiterart,
_c2014
300 _a231 p.
650 4 _aDil ve Edebiyat
650 4 _aLanguage and Literature
650 0 _aKısa hikayeler, İngiliz
650 0 _aShort stories, English
650 7 _aLITERARY COLLECTIONS / European / English, Irish, Scottish, Welsh
_2bisacsh
856 4 0 _uhttp://search.ebscohost.com/login.aspx?direct=true&scope=site&db=e011xww&AN=964996
999 _c10693
_d10693